000 01122cam a22003257a 4500
003 CHAP
005 20220329140408.0
008 971013s1963 mx r 00010 spa d
010 _a51375
011 _a52347
035 _a56497
040 _cCHAP
082 0 4 _a581.1341
_bR6
100 0 0 _aRojas Garcidueñas, Manuel.
_999305
245 1 3 _aLa acción fundamental de las auxinas
260 _aMonterrey, N. L. :
_bInstituto Tecnológico y de Estudios Superiores,
_c1963
300 _a179 p.
490 0 _aPublicaciones. Serie ciencias biológicas
_v; 1
590 _aBATCH-UPD
_b10
_c20130110
_lUCH01
_h0407
590 _aBATCH-UPD
_b10
_c20130110
_lUCH01
_h1941
590 _aBATCH-UPD
_b10
_c20130410
_lUCH01
_h0041
590 _aBATCH-UPD
_b10
_c20130914
_lUCH01
_h0430
590 _aCONVERSION
_b10
_c20130109
_lUCH01
_h1328
650 1 4 _aAuxinas.
_98437
830 0 _aPublicaciones. Serie ciencias biológicas
_v; 1
_992742
901 _aBK
942 _cLIBRO
949 _a581.1341 R6
_bBC
_cLIBRO
_d33724000543872
_eLIBRO
_fc.3
_h11420
_i56497
_si
949 _a581.1341 R6
_bBC
_cLIBRO
_d33724000925483
_eLIBRO
_h9332
_i56497
_si
999 _c51375
_d51375